Sri Lanka-Quiz - Statistiken

Allgemein
  • Dieses Quiz wurde 1.919 mal gespielt
  • Das Durchschnittsergebnis liegt bei 9 aus 18
Antwortstatistiken
Frage Antwort % Korrekt
Beliebteste Sportart Cricket
83%
Hauptstadt von Sri Lanka Sri Jayawardenepura Kotte
81%
Bevölkerungsreichste Stadt Colombo
80%
Land, von welchem Sri Lanka 1948 unabhängig wurde Vereinigtes Königreich
78%
Tier auf der Flagge Löwe
73%
Religion mit den meisten Angehörigen Buddhismus
72%
Kolonialer Name von Sri Lanka Ceylon
60%
Golf nordöstlich von Sri Lanka Golf von {Bengalen}
60%
Produkt aus Blättern, der 7% der Exportgüter Sri Lankas ausmacht Tee
54%
Amtssprachen Tamil
51%
Währung von Sri Lanka Rupie
50%
2016 wurde Sri Lanka von dieser Krankheit als sicher erklärt Malaria
41%
Bedeutung von "Lanka" Insel
31%
1960 wurde Sirimavo Bandaranaike die erste Frau in diesem Amt tätig Premierminister
28%
Amtssprachen Sinhala
25%
Größte Stadt in zentralem Sri Lanka Kandy
21%
Kette von Sandbänken und Inseln, die Indien mit Sri Lanka verbinden {Adams}brücke
10%
Ehemalige Hauptstadt mit zahlreichen Tempeln und Statuen, die einst eine der größten Städte der Welt war Polonnaruwa
6%
Keine übereinstimmenden Quizze gefunden
Verteilung der Resultate
Anzahl Personen mit jedem Resultat
Perzentil nach korrekt beantworteten Fragen
Ihre Resultats-Entwicklung
Sie haben dieses Quiz noch nicht gespielt